| 000 | 00436nam a2200157 4500 | ||
|---|---|---|---|
| 001 | 132042 | ||
| 003 | ES-MaACL | ||
| 005 | 20230906194108.0 | ||
| 007 | t| | ||
| 008 | 070214s1961 sp r ||||1| cat d | ||
| 100 | 1 |
_aRoig i Raventós, Josep. _999017 |
|
| 245 | 1 | 3 |
_aEl quillat foraster / _cJosep Roig i Raventós. |
| 260 |
_aPalma de Mallorca : _bMoll, _c1961. |
||
| 300 |
_a140 p. ; _c15 cm. |
||
| 852 |
_aES-MaACL _jC-20246 _bR.48378 |
||
| 999 |
_c132042 _d132042 |
||